A stroke képalkotása
Elmentve itt :
| Szerző: | |
|---|---|
| Dokumentumtípus: | Videó |
| Megjelent: |
2021-11-23
|
| Kulcsszavak: | agyi érbetegségek MR CT |
| Tárgyszavak: | |
| Online Access: | http://eta.bibl.u-szeged.hu/5678 |
| LEADER | 00775ngm a2200229 i 4500 | ||
|---|---|---|---|
| 001 | eta5678 | ||
| 005 | 20211125124308.0 | ||
| 008 | 211125s2021 hu o 0|| hun d | ||
| 040 | |a SZTE Elektronikus Tananyag Archívum |b hun | ||
| 041 | |a hun | ||
| 100 | 1 | |a Kincses Zsigmond Tamás | |
| 245 | 1 | 2 | |a A stroke képalkotása |h [elektronikus dokumentum] / |c Kincses Zsigmond Tamás |
| 260 | |c 2021-11-23 | ||
| 516 | |a Video | ||
| 650 | 4 | |a Orvos- és egészségtudomány | |
| 650 | 4 | |a Klinikai orvostan | |
| 650 | 4 | |a Radiológia, sugárgyógyászat és orvosi képalkotás | |
| 650 | 4 | |a Neurális képalkotás és neurális számítástudomány | |
| 695 | |a agyi érbetegségek | ||
| 695 | |a MR | ||
| 695 | |a CT | ||
| 856 | 4 | 0 | |u https://eta.bibl.u-szeged.hu/5678/1/stroke.mp4 |z Dokumentum-elérés |